000 00583nam a2200193Ia 4500
005 20250923144738.0
008 008 250917s9999 xx 000 0 eng d
037 _aTextual
040 _aDSWL
_beng
_cDSWL
041 _aeng
_2eng
084 _aX:9CD6,787, N59
_qDSWL
245 0 _aW.H.O. Technical report series no-183 Treatment and care of drug
_cby World Health Organization
260 _aGeneva
_bWorld Health Organization
_c1959
300 _a32p.
365 _aINR
_b3
925 _g3
942 _cTEXL
_hX:9CD6,787, N59
999 _c1442815
_d1442815